És així, si us ho sembla : Paràbola en tres actes / de Luigi Pirandello ; traducció de Bonaventura Vallespinosa ; pròleg d'Enzo Lauretta Paràbola en tres actes / de Luigi Pirandello ; traducció de Bonaventura Vallespinosa ; pròleg d'Enzo Lauretta
Descripción Física:
71 p. ; 17'5 cm
Colección:
Biblioteca teatral ; 11
MARC
| LEADER | 00000nam a2200000Ia 4500 | ||
|---|---|---|---|
| 001 | 8368 | ||
| 008 | 160829s1983 xx 000 0 cat d | ||
| 080 | |a L-1-203 | ||
| 100 | |a Pirandello, Luigi |9 28352 | ||
| 245 | |a És així, si us ho sembla : |b Paràbola en tres actes / de Luigi Pirandello ; traducció de Bonaventura Vallespinosa ; pròleg d'Enzo Lauretta | ||
| 260 | |a Barcelona : |b Institut del Teatre de la Diputació de Barcelona, |c 1983 | ||
| 300 | |a 71 p. ; |c 17'5 cm | ||
| 490 | |a Biblioteca teatral ; 11 | ||
| 590 | |a Premi Josep M. de Sagarra, 1980. | ||
| 700 | |a Vallespinosa Sistaré, Bonaventura, tr. |9 30685 | ||
| 700 | 1 | |a Lauretta, Enzo |9 30686 | |
| 710 | 1 | |a Institut del Teatre (Barcelona, Catalunya) |9 52662 | |
| 901 | |a Arxiu | ||
| 942 | |n 1 | ||
| 952 | |0 0 |1 0 |4 0 |6 L1203 |7 1 |9 45485 |a Arxiu |b Arxiu |d 2016-12-01 |l 0 |o L-1-203 |p 8368 |r 2016-12-01 00:00:00 |w 2016-12-01 |y ARXIU | ||
| 999 | |c 48650 |d 48650 | ||